Les paroles qui nous fabriquent (notice n° 1645757)
[ vue normale ]
| 000 -LEADER | |
|---|---|
| fixed length control field | 01175cam a2200217 4500500 |
| 005 - DATE AND TIME OF LATEST TRANSACTION | |
| control field | 20260208002201.0 |
| 041 ## - LANGUAGE CODE | |
| Language code of text/sound track or separate title | fre |
| 042 ## - AUTHENTICATION CODE | |
| Authentication code | dc |
| 100 10 - MAIN ENTRY--PERSONAL NAME | |
| Personal name | Boutonnier, Julien |
| Relator term | author |
| 245 00 - TITLE STATEMENT | |
| Title | Les paroles qui nous fabriquent |
| 260 ## - PUBLICATION, DISTRIBUTION, ETC. | |
| Date of publication, distribution, etc. | 2015.<br/> |
| 500 ## - GENERAL NOTE | |
| General note | 29 |
| 520 ## - SUMMARY, ETC. | |
| Summary, etc. | L’auteur de ce texte a tenté de donner quelques contours au problème épineux du traumatisme de la Shoah dans la culture occidentale. Il reprend l’hypothèse d’Imre Kertész selon laquelle Auschwitz constitue une matrice de culture pour l’avenir et tente, en s’appuyant sur les travaux de Pierre Legendre et sur son vécu le plus personnel, de mettre en fonction le corpus des textes écrits par les grands témoins de la Shoah. Il s’agit de poser les livres provoqués par Auschwitz comme référence, comme miroir où l’homme occidental trouve à se mettre à nouveau en relation avec la mort. |
| 690 ## - LOCAL SUBJECT ADDED ENTRY--TOPICAL TERM (OCLC, RLIN) | |
| Topical term or geographic name as entry element | culture |
| 690 ## - LOCAL SUBJECT ADDED ENTRY--TOPICAL TERM (OCLC, RLIN) | |
| Topical term or geographic name as entry element | mort |
| 690 ## - LOCAL SUBJECT ADDED ENTRY--TOPICAL TERM (OCLC, RLIN) | |
| Topical term or geographic name as entry element | Shoah |
| 690 ## - LOCAL SUBJECT ADDED ENTRY--TOPICAL TERM (OCLC, RLIN) | |
| Topical term or geographic name as entry element | texte |
| 690 ## - LOCAL SUBJECT ADDED ENTRY--TOPICAL TERM (OCLC, RLIN) | |
| Topical term or geographic name as entry element | traumatisme |
| 786 0# - DATA SOURCE ENTRY | |
| Note | Empan | 100 | 4 | 2015-12-18 | p. 80-86 | 1152-3336 |
| 856 41 - ELECTRONIC LOCATION AND ACCESS | |
| Uniform Resource Identifier | <a href="https://shs.cairn.info/revue-empan-2015-4-page-80?lang=fr&redirect-ssocas=7080">https://shs.cairn.info/revue-empan-2015-4-page-80?lang=fr&redirect-ssocas=7080</a> |
Pas d'exemplaire disponible.




Réseaux sociaux